000
00320nam a22001337a 4500
008
180216b xxu||||| |||| 00| 0 eng d
020
_a
0837167973
041
_a
eng
080
_a
781
100
_a
45
101
_a
MUZ
245
_a
The Five/ The Evolution of the Russian School of Music
_c
Zetlin, M
942
_2
udc
_c
BK
999
_c
42820
_d
42820